'Friends' and Family Quiz Stats

Quiz Updated Nov 6, 2017

Challenge
Share
Tweet
Score 0/20 Timer 05:00
1 Play Today
Hint Answer % Correct
Jack Geller (Ross and Monica's Dad)
95.6%
Ben (Ross's Son)
94%
Ursula (Phoebe's Sister)
93.2%
Jill Green (Rachel's Sister)
92.4%
Frank Buffay, Jr. (Phoebe's Brother)
90.4%
Emma Geller-Green (Ross and Rachel's Daughter)
88.6%
Nora Tyler Bing (Chandler's Mom)
83.7%
Frank Jr. Jr., Leslie and Chandler (Phoebe's Nieces and Nephew)
83%
Judy Geller (Ross and Monica's Mom)
81.5%
Amy Green (Rachel's Sister)
80.8%
Hint Answer % Correct
Frank Buffay, Sr. (Phoebe's Dad)
79.4%
Dina Tribbiani (Joey's Sister)
74.4%
Sandra Green (Rachel's Mom)
73.1%
Leonard Green (Rachel's Dad)
73.1%
Charles Bing (Chandler's Dad)
71.4%
Erica and Jack Bing (Monica and Chandler's Children)
71%
Phoebe Abbott (Phoebe's Mom)
70.1%
Joey Tribbiani, Sr. (Joey's Dad)
69.6%
Gloria Tribbiani (Joey's Mom)
61.1%
Cassie Geller (Ross and Monica's Cousin)
60.3%

You're not logged in!

Compare scores with friends on all Sporcle quizzes.
Join for Free
OR
Log In

You Might Also Like...

Show Comments

Extras

Top Quizzes Today


Score Distribution

Your Account Isn't Verified!

In order to create a playlist on Sporcle, you need to verify the email address you used during registration. Go to your Sporcle Settings to finish the process.

Report this User

Report this user for behavior that violates our Community Guidelines.

Details: